[Event "Deva tt"]
[Site "Deva"]
[Date "1998.??.??"]
[Round "4"]
[White "Morar, Ovidiu"]
[Black "Boitor, Cristian"]
[Result "1/2-1/2"]
[WhiteElo "2050"]
[BlackElo "1695"]
[PlyCount "31"]
[EventDate "1998.07.??"]
[EventType "team"]
[EventRounds "9"]
[EventCountry "ROU"]
[SourceTitle "EXT 2004"]
[Source "ChessBase"]
[SourceDate "2003.11.25"]
[SourceVersion "1"]
[SourceVersionDate "2003.11.25"]
[SourceQuality "1"]

1. e4 d5 2. exd5 Qxd5 3. Nc3 Qa5 4. Bc4 Nf6 5. Nge2 c6 6. 0-0 Bg4 7. Qe1 e6 8. h3 Bh5 9. d3 Nbd7 10. Nf4 0-0-0 11. Be3 Nb6 12. a3 Nbd5 13. Ncxd5 Qxe1 14. Ne7+ Bxe7 15. Rfxe1 Kb8 16. Nxh5 1/2-1/2

[Event "Deva tt"]
[Site "Deva"]
[Date "1998.??.??"]
[Round "8"]
[White "Morar, Ovidiu"]
[Black "Florescu, Codrut Constantin"]
[Result "0-1"]
[WhiteElo "2050"]
[BlackElo "2320"]
[PlyCount "114"]
[EventDate "1998.07.??"]
[EventType "team"]
[EventRounds "9"]
[EventCountry "ROU"]
[SourceTitle "EXT 2004"]
[Source "ChessBase"]
[SourceDate "2003.11.25"]
[SourceVersion "1"]
[SourceVersionDate "2003.11.25"]
[SourceQuality "1"]

1. d4 Nf6 2. Bg5 e6 3. e3 b6 4. Nd2 Bb7 5. Ngf3 h6 6. Bh4 d6 7. Bd3 g5 8. Bg3 Nh5 9. h3 Nxg3 10. fxg3 Nd7 11. Qe2 a6 12. g4 Bg7 13. c3 Qe7 14. e4 c5 15. a3 Nf6 16. Rf1 Nd7 17. Qe3 b5 18. a4 cxd4 19. cxd4 bxa4 20. Rxa4 0-0 21. Nc4 Bc6 22. Ra5 d5 23. exd5 Bxd5 24. Rf2 Rfc8 25. Rc2 Qd8 26. Ra1 Rc6 27. Rac1 Rac8 28. Nfe5 Nxe5 29. Nxe5 Rxc2 30. Rxc2 Rxc2 31. Bxc2 Qb8 32. b3 Bxe5 33. dxe5 Bxg2 34. Kf2 Bd5 35. h4 Qd8 36. Qd3 Qb6+ 37. Kf1 Qb5 38. Qxb5 axb5 39. hxg5 hxg5 40. b4 Kf8 41. Kf2 Ke7 42. Ke3 Kd7 43. Kd4 Bc4 44. Bd1 Kc7 45. Bf3 Kd7 46. Ke3 Ke7 47. Kd4 f6 48. Bd1 f5 49. Bf3 Bf1 50. Kc5 Bh3 51. gxf5 exf5 52. Bd5 Bf1 53. Kd4 f4 54. Bf3 Bh3 55. Be2 g4 56. Bxb5 g3 57. Bc6 g2 0-1